Tout les doubles champions de l'histoire de l'UFC - Statistiques

Statistiques générales
  • Ce quiz a été pris 341 fois
    46 depuis la dernière actualisation
  • Le résultat moyen est 8 sur 11
Statistiques - réponses
Nationalité Sexe Catégories et année du titre Combattant % Correct
Irlande Homme Featherweight 2015 / Lightweight 2016 Conor McGregor
100%
États-Unis Homme Light Heavyweight 2011, 2017, 2018 / Heavyweight 2023 Jon Jones
95%
Espagne - Géorgie Homme Featherweight 2024 / Lightweight 2025 Ilia Topuria
90%
Canada Homme Welterweight 2006, 2008 / Middleweight 2017 Georges Saint-Pierre
88%
Brésil Homme Middleweight 2022 / Light Heavyweight 2023 Alex Pereira
80%
Russie Homme Lightweight 2022 / Welterweight 2025 Islam Makhachev
78%
États-Unis Homme Light Heavyweight 2015 / Heavyweight 2018 Daniel Cormier
70%
États-Unis Homme Flyweight 2018 / Bantamweight 2019 Henry Cejudo
60%
Brésil Femme Bantamweight 2016, 2022 / Featherweight 2018 Amanda Nunes
58%
États-Unis Homme Welterweight 2004 / Lightweight 2008 B.J. Penn
45%
États-Unis Homme Heavyweight 1997, 2000, 2007 / Light Heavyweight 2003, 2004 Randy Couture
38%
Aucun quiz correspondant
Distribution des résultats
% des personnes avec chaque résultat
Percentile par nombre de réponses
Votre historique - résultats
Vous n’avez pas pris ce quiz depuis la dernière actualisation